Estaciones del sistema Metro de Medellín (Colombia) - Estadísticas

Estadísticas generales
  • Esta prueba ha sido intentada 149 veces
    100 desde el último reinicio
  • La puntuación promedio es 42 de 82
Estadísticas de respuestas
Estación % Correcto
Línea A La Estrella
91%
Línea A Niquía
91%
Línea B Estadio
90%
Líneas A | 1 | 2 Industriales
90%
Línea A Aguacatala
88%
Línea A Poblado
88%
Línea A Sabaneta
88%
Líneas A | B | T San Antonio
88%
Líneas B | J San Javier
88%
Línea A Alpujarra
86%
Línea A Bello
86%
Línea A Envigado
86%
Línea A Itaguí
86%
Línea A Universidad
86%
Línea A Parque Berrío
84%
Líneas A | O Caribe
81%
Líneas B | O Floresta
81%
Línea A Exposiciones
79%
Líneas A | 1 Hospital
79%
Línea A Madera
79%
Líneas A | P | K Acevedo
78%
Línea A Ayurá
78%
Líneas B | 1 Cisneros
78%
Línea B Suramericana
76%
Línea B Santa Lucía
74%
Línea A Tricentenario
74%
Línea L Arví
72%
Línea A Prado
69%
Líneas K | L Santo Domingo
69%
Líneas 1 | 2 U. de M.
57%
Línea J La Aurora
55%
Línea K Popular
55%
Línea T Buenos Aires
53%
Líneas T | 2 San José
53%
Línea P SENA
53%
Línea P Doce de Octubre
50%
Línea T Pabellón de Agua EPM
50%
Línea K Andalucía
48%
Líneas 1 | 2 Manrique
47%
Líneas H | T Oriente
47%
Líneas 1 | 2 Gardel
45%
Línea 1 Minorista
45%
Línea P El Progreso
43%
Línea J Juan XXIII
41%
Líneas O | 1 | 2 La Palma
40%
Líneas 1 | 2 Palos Verdes
40%
Línea 1 Ruta N. - U. de A.
40%
Línea T Alejandro Echavarría
38%
Líneas M | T Miraflores
38%
Líneas 1 | 2 Berlin
36%
Línea 1 Plaza Mayor
36%
Línea 2 Barrio Colombia
34%
Líneas 1 | 2 Parque Aranjuez
34%
Línea 1 Chagualo
33%
Línea O Facultad de Minas
33%
Línea 2 La Playa
33%
Línea J Vallejuelos
33%
Línea M El Pinal
31%
Líneas 1 | 2 Fátima
31%
Línea O Laureles
31%
Línea T Bicentenario
29%
Líneas 1 | 2 Nutibara
29%
Líneas 1 | 2 Parque Belén
29%
Línea O Calasanz
28%
Líneas 1 | 2 Las Esmeraldas
28%
Línea O Los Colores
28%
Línea 2 Barrio Colon
26%
Línea H Las Torres
26%
Línea O Ciudadela Universitaria
24%
Líneas 1 | 2 Rosales
24%
Línea M Trece de Noviembre
24%
Línea 2 Catedral
22%
Línea O Córdoba
22%
Línea 2 Perpetuo Socorro
22%
Línea O Pilarica
22%
Línea O Universal
22%
Línea H Villa Sierra
22%
Líneas 1 | 2 Los Alpes
21%
Línea T Loyola
19%
Línea O Villa de Aburrá
19%
Línea O Los Pinos
16%
Línea O Santa Gema
16%
No se encontraron pruebas coincidentes
Distribución de puntuación
Porcentaje de gente con cada puntuación
Porcentaje por número respondido
Historial de tus puntuaciones
No has intentado esta prueba desde el último reinicio